000 00569cam a22002051 4500
001 ca 34001680
003 DLC
005 20260227111135.0
008 790129s1915 xx 000 0 eng
010 _aca 34001680
035 _a(OCoLC)4596934
040 _aDLC
_cOCl
_dDLC
042 _apremarc
050 0 0 _aPS3503.O527
_bP7 1915
082 _a812.5
100 1 _aBooth, Hilliard.
245 1 0 _aPrexy's proxy,
_ba farce comedy in two acts,
_cby Hilliard Booth.
260 _aPhiladelphia,
_bThe Penn publishing company,
_c1915.
300 _a28 p.
_bdiagr.
_c18 cm.
999 _c17583
_d17583